Czy rozpoznasz POLSKICH POLITYKÓW? - Statystyki

Ogólne statystyki
  • Ten quiz został rozwiązany 79 razy
  • Średni wynik to 13 z 16
Statystyki odpowiedzi
Obrazkowy Odpowiedź % Poprawnych
Andrzej Duda
100%
Donald Tusk
100%
Grzegorz Braun
98%
Jarosław Kaczyński
98%
Sławomir Mentzen
97%
Karol Nawrocki | Tadeusz Batyr
92%
Rafał Trzaskowski | Bonżur
89%
Adrian Zandberg
86%
Joanna Senyszyn | Imperator Senyszyn
83%
Marek Woch
83%
Maciej Maciak | Caryca Katarzyna
81%
Krzysztof Stanowski
77%
Szymon Hołownia | Cziłała
75%
Magdalena Biejat
69%
Marek Jakubiak
67%
Artur Bartosiewicz
42%
Nie znaleziono quizów pasujących do podanych kryteriów
Rozkład punktacji
Procent ludzi z każdym wynikiem
Percentyl według liczby udzielonych odpowiedzi
Twoja historia wyników
Nie rozwiązałeś tego quizu